Who said this? full house edition Quiz Stats

 Plays Quiz not verified by Sporcle

Support Sporcle.
Go Orange.
Score 0/7 Timer 10:00
0 Plays Today
Hint Answer % Correct
you got it dude!michelle
98.3%
your in trouble mistermichelle
98.3%
why isnt this cleandanny
96.9%
how rude!stephanie
96.4%
have mercy!jesse
96%
you are ruining my life!d.j.
96%
kapishjesse
96%

You're not logged in!

Compare scores with friends on all Sporcle quizzes.
OR
Log In

From the Vault

'Rib' Words

by nspyred

These words don't have any spare ribs--you could say they have one prime rib.
Remove Ads.
Support Sporcle.
Get the best of Sporcle when you Go Orange. This ad-free experience offers more features, more stats, and more fun while also helping to support Sporcle. Thank you for becoming a member.

Show Comments

Extras

Created Sep 22, 2013ReportNominate
Tags:Edition, full, house

Top Quizzes Today


Score Distribution

Your Account Isn't Verified!

In order to create a playlist on Sporcle, you need to verify the email address you used during registration. Go to your Sporcle Settings to finish the process.

Report this User

Report this user for behavior that violates our Community Guidelines.

Details: